| 000 | 01465nam a2200337Ia 4500 | ||
|---|---|---|---|
| 001 | ebr10428809 | ||
| 003 | CaPaEBR | ||
| 006 | m u | ||
| 007 | cr cn||||||||| | ||
| 008 | 090803s2010 enk sb 001 0 eng d | ||
| 020 | _z9781848852662 (hbk.) | ||
| 020 | _z1848852665 (hbk.) | ||
| 040 |
_aCaPaEBR _cCaPaEBR |
||
| 035 | _a(OCoLC)682882079 | ||
| 050 | 1 | 4 |
_aPJ7860.I45 _bZ67 2010eb |
| 082 | 0 | 4 |
_a892.78609 _222 |
| 100 | 1 | _aHajjar, Nijmeh. | |
| 245 | 1 | 4 |
_aThe politics and poetics of Ameen Rihani _h[electronic resource] : _bthe humanist ideology of an Arab-American intellectual and activist / _cNijmeh Hajjar. |
| 260 |
_aLondon ; _aNew York : _bTauris Academic Studies, _c2010. |
||
| 300 | _axv, 305 p. | ||
| 490 | 1 |
_aLibrary of modern Middle East studies ; _v102 |
|
| 504 | _aIncludes bibliographical references and index. | ||
| 533 |
_aElectronic reproduction. _bPalo Alto, Calif. : _cebrary, _d2011. _nAvailable via World Wide Web. _nAccess may be limited to ebrary affiliated libraries. |
||
| 600 | 1 | 0 |
_aRihani, Ameen Fares, _d1876-1940 _xCriticism and interpretation. |
| 600 | 1 | 0 |
_aRihani, Ameen Fares, _d1876-1940 _xPolitical and social views. |
| 650 | 0 | _aArabic literature. | |
| 655 | 7 |
_aElectronic books. _2local |
|
| 710 | 2 | _aebrary, Inc. | |
| 830 | 0 |
_aLibrary of modern Middle East studies ; _v102. |
|
| 856 | 4 | 0 |
_uhttp://site.ebrary.com/lib/rucke/Doc?id=10428809 _zAn electronic book accessible through the World Wide Web; click to view |
| 999 |
_c232583 _d232583 |
||